|
|
|
|
| LEADER |
00000nam0a2200000 4500 |
| 001 |
256157 |
| 005 |
20231101233105.0 |
| 035 |
|
|
|a (RuTPU)RU\TPU\book\278806
|
| 090 |
|
|
|a 256157
|
| 100 |
|
|
|a 20140405d1987 k y0rusy50 ca
|
| 101 |
0 |
|
|a rus
|
| 102 |
|
|
|a RU
|
| 105 |
|
|
|a a z 001zb
|
| 200 |
1 |
|
|a Кира Иннокентьевна Суворова
|e альбом
|f М. И. Андросова
|
| 210 |
|
|
|a Ленинград
|c Художник РСФСР
|d 1987
|
| 215 |
|
|
|a 90 с.
|c ил.
|
| 320 |
|
|
|a Библиогр.: с. 93.
|
| 600 |
|
1 |
|a Суворова
|b К. И.
|c 1931-
|c скульптор-станковист
|f 1931
|g Кира Иннокентьевна
|2 stltpush
|3 (RuTPU)RU\TPU\pers\32521
|
| 606 |
1 |
|
|a Скульпторы
|2 stltpush
|3 (RuTPU)RU\TPU\subj\55078
|9 73150
|
| 610 |
1 |
|
|a скульптура
|
| 610 |
1 |
|
|a портреты
|
| 610 |
1 |
|
|a изобразительное искусство
|
| 610 |
1 |
|
|a Россия
|
| 610 |
1 |
|
|a история
|
| 610 |
1 |
|
|a 20 век
|
| 675 |
|
|
|a 73.071
|v 3
|
| 700 |
|
1 |
|a Андросова
|b М. И.
|g Мария Ивановна
|
| 801 |
|
1 |
|a RU
|b 63413507
|c 20140405
|
| 801 |
|
2 |
|a RU
|b 63413507
|c 20140723
|g RCR
|
| 942 |
|
|
|c BK
|